000 00289nam a22001337a 4500
008 170907b xxu||||| |||| 00| 0 eng d
020 _a9780442266851
041 _aeng
080 _a72
100 _a41
101 _aARK
245 _aTHE COMPLETE SKETCH
_cOLIVER, R.S
942 _2udc
_cBK
999 _c26447
_d26447